000 00565cam a2200157 4500500
005 20260322014138.0
041 _afre
042 _adc
100 1 0 _aDraye, Micheline
_eauthor
700 1 0 _aDuwald, Romain
_eauthor
245 0 0 _aRecycling of Waste Electrical and Electronic Equipment (WEEE)
260 _c2026.
500 _a11
786 0 _nMetal manufacturing processes and recycling | - | 2026-03-05 | p. 28-28
856 4 1 _uhttps://stm.cairn.info/processing-and-recycling-of-transition-metals--bdti42649210-m7070-page-28?lang=en&redirect-ssocas=7080
999 _c1786713
_d1786713